Presidentes do Brasil - Statistics

General Stats
  • This quiz has been taken 123 times
  • The average score is 19 of 42
Answer Stats
Picture Hint Answer % Correct
2003 - 2011 Luiz Inácio Lula da Silva
84%
2023 - 2027 Luiz Inácio Lula da Silva
84%
2011 - 2016 Dilma Rousseff
83%
2019 - 2023 Jair Bolsonaro
83%
1889 -1891 Deodoro da Fonseca
82%
1930 - 1945 Getúlio Vargas
80%
2016 - 2019 Michel Temer
79%
1951 - 1954 Getúlio Vargas
78%
1990 - 1992 Fernando Collor
69%
1891 - 1894 Floriano Peixoto
69%
1961 - 1961 Jânio Quadros
65%
1995 - 2003 Fernando Henrique Cardoso
60%
1956 - 1961 Juscelino Kubitschek
60%
1961 - 1964 João Goulart
57%
1992 - 1995 Itamar Franco
51%
1964 - 1967 Castelo Branco
49%
1969 - 1974 Garrastazu Médici
47%
1985 - 1990 José Sarney
47%
1979 - 1985 João Figueiredo
46%
1967 - 1969 Costa e Silva
43%
1974 - 1979 Ernesto Geisel
41%
1909 - 1910 Nilo Peçanha
40%
1946 - 1951 Gaspar Dutra
39%
Morreu antes da posse Tancredo Neves
38%
1954 - 1955 Café Filho
37%
1910 - 1914 Hermes da Fonseca
36%
Não assumiu em razão da Revolução de 1930 Júlio Prestes
36%
1926 - 1930 Washington Luís
36%
1894 - 1898 Prudente de Moraes
32%
1906 - 1909 Afonso Pena
30%
1922 - 1926 Arthur Bernardes
28%
1898 - 1902 Campos Sales
28%
1919 - 1922 Epitácio Pessoa
28%
1914 - 1918 Venceslau Brás
28%
1902 - 1906 Rodrigues Alves
22%
1955 - 1956 Nereu Ramos
20%
1961 - 1961 Ranieri Mazzilli
20%
Morreu antes de tomar posse Rodrigues Alves
20%
1964 - 1964 Ranieri Mazzilli
19%
1955 - 1955 Carlos Luz
18%
1945 - 1946 José Linhares
17%
1918 - 1919 Delfim Moreira
16%
No matching quizzes found
Score Distribution
Percent of People with Each Score
Percentile by Number Answered
Your Score History
You have not taken this quiz